| 000 | 01061nam2a22002291 4500 | ||
|---|---|---|---|
| 001 | rc\3399596 | ||
| 005 | 20250609230648.0 | ||
| 035 | _a(NLR Aleph) 007544629 | ||
| 090 |
_a9784002 _c9784002 |
||
| 100 | _a20130115d1972 |||y0rusy50 ca | ||
| 101 | 1 |
_arus _cukr |
|
| 102 | _aRU | ||
| 105 | _ay z ||||| | ||
| 200 | 1 | _aСолдаты без мундиров | |
| 210 |
_a[Москва _cХудож. лит. _d1972] |
||
| 215 | _a584 с. | ||
| 461 | 0 |
_1001rc\3399594 _12001#$aПора надежд и свершений$eРоман$fАвториз. пер. с укр. Б. Турганова$g[Вступ. статья Н. Тихонова]. Кн. 1-2$vКн. 2 _1700#1$aРыбак$bН.С.$f1913-1978$gНатан Самойлович _99783991 _aРыбак, Н.С. (1913-1978) _c[Москва _d1972] _fАвториз. пер. с укр. Б. Турганова _nХудож. лит. _oРоман _p2 т. _tПора надежд и свершений _vКн. 2 |
|
| 801 | 0 |
_aRU _bNLR _gpsbo |
|
| 801 | 1 |
_aRU _bELAR _2rusmarc |
|
| 852 |
_aNLR _j72-3/10469 |
||
| 942 | _cBOOK | ||
| 980 | _aNB | ||